[Event "Cherkasy Konsalt IM"]
[Site "Cherkasy"]
[Date "2021.05.07"]
[Round "5"]
[White "Kairbekova, Amina"]
[Black "Opryshko, Stanislav"]
[Result "1-0"]
[WhiteElo "2132"]
[BlackElo "2208"]
[PlyCount "97"]
[EventDate "2021.05.04"]
[EventType "tourn"]
[EventRounds "9"]
[EventCountry "UKR"]
[EventCategory "1"]
[SourceTitle "CBM 202 Extra"]
[Source "ChessBase"]
[SourceDate "2021.07.31"]
[SourceVersion "1"]
[SourceVersionDate "2021.07.31"]
[SourceQuality "1"]

1. e4 e6 2. d4 d5 3. Nc3 Nf6 4. e5 Nfd7 5. f4 c5 6. Nf3 Nc6 7. Be3 cxd4 8. Nxd4 Bc5 9. Qd2 Bxd4 10. Bxd4 Nxd4 11. Qxd4 Qb6 12. 0-0-0 Qxd4 13. Rxd4 Ke7 14. Be2 Nb8 15. Bf3 Nc6 16. Rd2 Rd8 17. Re1 Bd7 18. Ne2 g5 19. fxg5 Nxe5 20. Bxd5 Rg8 21. h4 Ng6 22. Bxb7 Rab8 23. Be4 Nxh4 24. g3 Ng6 25. Bxg6 hxg6 26. Nf4 Bc6 27. Nd3 Rh8 28. Ne5 Be8 29. g4 Rh3 30. c4 a5 31. c5 Rc8 32. Rc2 Ba4 33. b3 Bb5 34. c6 a4 35. Rc5 Bxc6 36. Rxc6 Rxc6+ 37. Nxc6+ Kd6 38. Ne5 axb3 39. a3 Rh2 40. Nxf7+ Kd5 41. Rd1+ Ke4 42. Rd2 Rh4 43. Kb2 Rxg4 44. Kxb3 Rf4 45. Nd6+ Ke5 46. a4 Rf3+ 47. Kb4 Rf1 48. Nc4+ Kf4 49. a5 1-0

[Event "Cherkasy Konsalt IM"]
[Site "Cherkasy"]
[Date "2021.05.06"]
[Round "4"]
[White "Opryshko, Stanislav"]
[Black "Srinath, Rao SV"]
[Result "1/2-1/2"]
[WhiteElo "2208"]
[BlackElo "2384"]
[PlyCount "105"]
[EventDate "2021.05.04"]
[EventType "tourn"]
[EventRounds "9"]
[EventCountry "UKR"]
[EventCategory "1"]
[SourceTitle "CBM 202 Extra"]
[Source "ChessBase"]
[SourceDate "2021.07.31"]
[SourceVersion "1"]
[SourceVersionDate "2021.07.31"]
[SourceQuality "1"]

1. b3 e5 2. Bb2 Nc6 3. e3 a6 4. Nf3 d6 5. d4 e4 6. d5 exf3 7. dxc6 bxc6 8. Qxf3 Bd7 9. Nd2 Nf6 10. Bxf6 Qxf6 11. Qxf6 gxf6 12. Bd3 d5 13. c4 a5 14. Rc1 Ba3 15. Rc2 Ra7 16. Ke2 a4 17. Rb1 Ke7 18. bxa4 Kd6 19. Rd1 Ke7 20. Nb1 Bb4 21. a3 Bd6 22. Nc3 Ra5 23. cxd5 cxd5 24. Nb5 c6 25. Nd4 Rc8 26. Rdc1 Rxa4 27. Nxc6+ Bxc6 28. Rxc6 Rb8 29. Bxh7 Rxa3 30. Bf5 Rb2+ 31. R6c2 Rb5 32. Bd3 Rb4 33. Rc3 Ra2+ 34. Kf3 d4 35. Rc4 Rbb2 36. R1c2 dxe3 37. Re4+ Be5 38. Rxb2 Rxb2 39. Kxe3 Kf8 40. g3 Bc7 41. Kf3 Bb6 42. Be2 Rb3+ 43. Kg2 Rb2 44. g4 Kg7 45. Re8 Bd4 46. Re4 Bb6 47. Re8 Bd4 48. h3 Be5 49. Bc4 Bd4 50. Re7 Rxf2+ 51. Kg3 Rc2 52. Bxf7 Rc7 53. Rxc7 1/2-1/2

[Event "EU-ch blitz"]
[Site "Tallinn"]
[Date "2019.12.07"]
[Round "3"]
[White "Saric, Ante"]
[Black "Opryshko, Stanislav"]
[Result "1-0"]
[WhiteElo "2577"]
[BlackElo "2205"]
[PlyCount "137"]
[EventDate "2019.12.07"]
[EventType "swiss (blitz)"]
[EventRounds "22"]
[EventCountry "EST"]
[SourceTitle "CBM 193 Extra"]
[Source "ChessBase"]
[SourceDate "2020.01.31"]
[SourceVersion "1"]
[SourceVersionDate "2020.01.31"]
[SourceQuality "1"]

1. Nf3 Nf6 2. g3 b5 3. Bg2 Bb7 4. Na3 a6 5. c4 b4 6. Nc2 c5 7. 0-0 d6 8. d4 Nbd7 9. d5 g6 10. b3 Bg7 11. Bb2 a5 12. a4 Qc7 13. e4 0-0-0 14. Qe2 Ne5 15. Nd2 h5 16. f4 Neg4 17. h3 Nh6 18. Ne3 Rhg8 19. Rae1 Nd7 20. Bxg7 Rxg7 21. Nf3 f6 22. Nd1 Nf7 23. Nf2 Rh8 24. Nd3 g5 25. fxg5 Nxg5 26. Nh4 Ne5 27. Nxe5 dxe5 28. Nf5 Rgh7 29. h4 Nf7 30. Bh3 Kb8 31. Kh2 Nd6 32. Rf3 Bc8 33. Nxd6 Qxd6 34. Bxc8 Kxc8 35. Rf5 Qd8 36. Ref1 Kc7 37. d6+ Qxd6 38. Rd1 Qc6 39. Rf3 Rd8 40. Rxd8 Kxd8 41. Rd3+ Ke8 42. Qe3 Kf7 43. Rd5 Qc8 44. Rxc5 Qg4 45. Rxa5 Qd1 46. Rd5 Qc2+ 47. Rd2 Qc1 48. Re2 Qb1 49. Qf3 Rg7 50. Qxh5+ Kg8 51. Qf3 Qd1 52. Rf2 Qe1 53. Rg2 Kf7 54. h5 Rg5 55. g4 Qh4+ 56. Qh3 Qe1 57. h6 Kg8 58. Qg3 Qxe4 59. Rd2 Kh7 60. Rg2 Qg6 61. Kg1 Qb1+ 62. Kh2 Qg6 63. c5 e4 64. c6 e3 65. Qxe3 Qxh6+ 66. Kg1 e5 67. Rh2 Rxg4+ 68. Kh1 Rh4 69. Qxh6+ 1-0

[Event "UKR-chT 17th"]
[Site "Alushta"]
[Date "2010.05.18"]
[Round "8.4"]
[White "Opryshko, Stanislav"]
[Black "Kostromin, Mikhail"]
[Result "0-1"]
[WhiteElo "2237"]
[BlackElo "2371"]
[PlyCount "80"]
[EventDate "2010.05.13"]
[EventType "team-tourn"]
[EventRounds "11"]
[EventCountry "UKR"]
[SourceTitle "EXT 2019"]
[Source "ChessBase"]
[SourceDate "2018.10.10"]
[SourceVersion "1"]
[SourceVersionDate "2018.10.10"]
[SourceQuality "1"]
[WhiteTeam "Cherkasy Etiud"]
[BlackTeam "Luhansk LugPokerChess"]
[WhiteTeamCountry "UKR"]
[BlackTeamCountry "UKR"]

1. f4 Nf6 2. Nf3 g6 3. g3 Bg7 4. Bg2 0-0 5. 0-0 c5 6. d3 Nc6 7. e4 d6 8. Nc3 Rb8 9. a4 a6 10. h3 b5 11. axb5 axb5 12. g4 Nd7 13. Nd5 Nd4 14. Nxd4 Bxd4+ 15. Kh1 e6 16. Ne3 Bb7 17. c3 Bg7 18. Bd2 d5 19. e5 d4 20. cxd4 cxd4 21. Nc2 Bxg2+ 22. Kxg2 g5 23. Bb4 Re8 24. Bd6 Ra8 25. Qf3 Rxa1 26. Rxa1 gxf4 27. Qxf4 Nxe5 28. Bxe5 Qd5+ 29. Qf3 Qxe5 30. Rf1 Rf8 31. h4 h6 32. Kh3 f5 33. Re1 Qc7 34. Na3 Kh8 35. Rxe6 fxg4+ 36. Qxg4 Qf7 37. Qe4 Qf1+ 38. Kg4 Rg8 39. Rg6 Qd1+ 40. Qf3 h5+ 0-1

[Event "UKR-chT 17th"]
[Site "Alushta"]
[Date "2010.05.14"]
[Round "2.4"]
[White "Opryshko, Stanislav"]
[Black "Khadzh Khamed, Naser"]
[Result "1-0"]
[WhiteElo "2237"]
[BlackElo "2015"]
[PlyCount "61"]
[EventDate "2010.05.13"]
[EventType "team-tourn"]
[EventRounds "11"]
[EventCountry "UKR"]
[SourceTitle "EXT 2019"]
[Source "ChessBase"]
[SourceDate "2018.10.10"]
[SourceVersion "1"]
[SourceVersionDate "2018.10.10"]
[SourceQuality "1"]
[WhiteTeam "Cherkasy Etiud"]
[BlackTeam "Simferopol Tavriya"]
[WhiteTeamCountry "UKR"]
[BlackTeamCountry "UKR"]

1. d4 Nf6 2. c4 e6 3. Nf3 b6 4. Nc3 Bb4 5. g3 Bb7 6. Bg2 c5 7. a3 cxd4 8. axb4 dxc3 9. bxc3 0-0 10. 0-0 Qc7 11. c5 bxc5 12. Bf4 Qc8 13. Bd6 Re8 14. Bxc5 Na6 15. Bd4 Nd5 16. Qd3 f6 17. e4 Ne7 18. Nd2 d5 19. exd5 Nxd5 20. Nc4 Qc7 21. Na5 Bc8 22. b5 Nb8 23. c4 Nb6 24. Bxa8 Nxa8 25. c5 Qf7 26. Nc4 Rd8 27. Nd6 Qc7 28. Qe4 Nb6 29. cxb6 axb6 30. Nxc8 Qxc8 31. Bxb6 1-0

[Event "UKR-chT 15th"]
[Site "Alushta"]
[Date "2008.05.27"]
[Round "8.4"]
[White "Baklan, Vladimir"]
[Black "Opryshko, Stanislav"]
[Result "1-0"]
[WhiteElo "2647"]
[BlackElo "2247"]
[PlyCount "113"]
[EventDate "2008.05.21"]
[EventType "team-tourn"]
[EventRounds "9"]
[EventCountry "UKR"]
[SourceTitle "EXT 2019"]
[Source "ChessBase"]
[SourceDate "2018.10.10"]
[SourceVersion "1"]
[SourceVersionDate "2018.10.10"]
[SourceQuality "1"]
[WhiteTeam "Kiev Kievchess"]
[BlackTeam "Cherkasy Etiud"]
[WhiteTeamCountry "UKR"]
[BlackTeamCountry "UKR"]

1. e4 e5 2. Nf3 Nc6 3. Nc3 Nf6 4. g3 d5 5. exd5 Nxd5 6. Bg2 Nxc3 7. bxc3 Bd6 8. 0-0 0-0 9. Rb1 Rb8 10. d4 exd4 11. cxd4 Bf5 12. Nh4 Bd7 13. Be3 Na5 14. Qd3 b5 15. Nf5 Nc4 16. Nxd6 cxd6 17. Bf4 Qf6 18. a4 a6 19. axb5 axb5 20. Rb4 Rfe8 21. c3 h6 22. Qd1 Qg6 23. Qa1 Re7 24. Rbb1 Rbe8 25. Rbe1 Qf5 26. Rxe7 Rxe7 27. Re1 Rxe1+ 28. Qxe1 g5 29. Bc1 Qe6 30. Qxe6 fxe6 31. Kf1 Kg7 32. Ke2 Be8 33. Kd1 d5 34. Kc2 Bg6+ 35. Kb3 Bd3 36. Kb4 g4 37. f3 h5 38. fxg4 hxg4 39. h3 gxh3 40. Bxh3 Kf6 41. Kc5 Be2 42. g4 Bd3 43. g5+ Ke7 44. Bf4 Nb2 45. Bg4 Bf5 46. Bxf5 Na4+ 47. Kc6 exf5 48. Kxd5 Nxc3+ 49. Ke5 b4 50. d5 Ne4 51. g6 b3 52. Bc1 Kf8 53. Bb2 Nd2 54. Kxf5 Nc4 55. Kf6 Kg8 56. Ke7 Ne5 57. g7 1-0

[Event "UKR-chT 15th"]
[Site "Alushta"]
[Date "2008.05.25"]
[Round "5.2"]
[White "Onischuk, Vladimir"]
[Black "Opryshko, Stanislav"]
[Result "1-0"]
[WhiteElo "2494"]
[BlackElo "2247"]
[PlyCount "87"]
[EventDate "2008.05.21"]
[EventType "team-tourn"]
[EventRounds "9"]
[EventCountry "UKR"]
[SourceTitle "EXT 2019"]
[Source "ChessBase"]
[SourceDate "2018.10.10"]
[SourceVersion "1"]
[SourceVersionDate "2018.10.10"]
[SourceQuality "1"]
[WhiteTeam "Kharkov Law Academy"]
[BlackTeam "Cherkasy Etiud"]
[WhiteTeamCountry "UKR"]
[BlackTeamCountry "UKR"]

1. e4 e5 2. Nf3 Nc6 3. Bb5 a6 4. Ba4 Nf6 5. 0-0 b5 6. Bb3 Be7 7. Re1 0-0 8. h3 Bb7 9. d3 d6 10. c3 Na5 11. Bc2 c5 12. Nbd2 Nc6 13. Nf1 Re8 14. Qe2 Bf8 15. g4 d5 16. Ng3 dxe4 17. dxe4 Nd7 18. Bg5 Qc7 19. Rad1 c4 20. Nf5 Nc5 21. Ne3 f6 22. Nd5 Qf7 23. Be3 g5 24. b3 cxb3 25. axb3 Ne6 26. b4 Kg7 27. Bb3 Rad8 28. Qa2 Qg6 29. Bb6 Rd6 30. Ne3 Nxb4 31. cxb4 Rxb6 32. Rd7+ Kh8 33. Rxb7 Rxb7 34. Bxe6 Bxb4 35. Rd1 Bc5 36. Nf5 Ra7 37. Kg2 h5 38. Bd7 Qg8 39. Qc2 Rd8 40. Be6 Qf8 41. Rxd8 Qxd8 42. Qxc5 Qb8 43. Bc8 Kg8 44. Qc6 1-0

[Event "UKR-chT 15th"]
[Site "Alushta"]
[Date "2008.05.23"]
[Round "3.2"]
[White "Kravtsiv, Martyn"]
[Black "Opryshko, Stanislav"]
[Result "1-0"]
[WhiteElo "2533"]
[BlackElo "2247"]
[PlyCount "123"]
[EventDate "2008.05.21"]
[EventType "team-tourn"]
[EventRounds "9"]
[EventCountry "UKR"]
[SourceTitle "EXT 2019"]
[Source "ChessBase"]
[SourceDate "2018.10.10"]
[SourceVersion "1"]
[SourceVersionDate "2018.10.10"]
[SourceQuality "1"]
[WhiteTeam "Lwiw Ivan Franko University"]
[BlackTeam "Cherkasy Etiud"]
[WhiteTeamCountry "UKR"]
[BlackTeamCountry "UKR"]

1. e4 e5 2. Nf3 Nc6 3. Bb5 a6 4. Ba4 Nf6 5. 0-0 Be7 6. Re1 b5 7. Bb3 0-0 8. c3 d6 9. h3 Bb7 10. d4 Re8 11. Nbd2 Bf8 12. d5 Na5 13. Bc2 c6 14. b4 Nc4 15. Nxc4 bxc4 16. dxc6 Bxc6 17. Bg5 Bd7 18. Bxf6 Qxf6 19. Ba4 Bxa4 20. Qxa4 d5 21. Rad1 d4 22. cxd4 exd4 23. Rxd4 Rec8 24. Rc1 Qe6 25. Rc3 g6 26. Qc2 Bxb4 27. Rcxc4 a5 28. Rd5 Rxc4 29. Qxc4 Re8 30. Ng5 Qf6 31. Rd7 Re7 32. Rxe7 Bxe7 33. Nf3 Qf4 34. Kf1 Bf6 35. Ke2 Kg7 36. g3 Qd6 37. Kf1 h6 38. Qd5 Qa6+ 39. Kg2 Bc3 40. a4 Qc8 41. Ne5 Qe8 42. Nc6 Qe6 43. Qxe6 fxe6 44. e5 Kf7 45. Kf3 Ke8 46. Ke3 Kd7 47. Nd4 Bb4 48. g4 g5 49. Ke4 Bc5 50. f4 gxf4 51. Ne2 Be7 52. Nxf4 Bg5 53. Ne2 Kc6 54. Nd4+ Kd7 55. Nb3 Bd8 56. Nc5+ Ke7 57. Kd4 Kf7 58. Kc4 Bc7 59. Nd3 Kg6 60. Kc5 Kf7 61. Kc6 Bd8 62. Kd7 1-0

[Event "UKR-chT 12th"]
[Site "Alushta"]
[Date "2005.04.08"]
[Round "2.3"]
[White "Kaliuzhny, Andrey"]
[Black "Opryshko, Stanislav"]
[Result "1-0"]
[WhiteElo "2218"]
[BlackElo "2215"]
[PlyCount "79"]
[EventDate "2005.04.07"]
[EventType "team-tourn"]
[EventRounds "9"]
[EventCountry "UKR"]
[SourceTitle "EXT 2019"]
[Source "ChessBase"]
[SourceDate "2018.10.10"]
[SourceVersion "1"]
[SourceVersionDate "2018.10.10"]
[SourceQuality "1"]
[WhiteTeam "Lozova Chess Club"]
[BlackTeam "Cherkasy Etiud"]
[WhiteTeamCountry "UKR"]
[BlackTeamCountry "UKR"]

1. Nf3 Nf6 2. g3 b5 3. Bg2 Bb7 4. 0-0 e6 5. b3 c5 6. c4 b4 7. a3 d5 8. axb4 cxb4 9. Ne5 Nbd7 10. d4 Nxe5 11. dxe5 Ne4 12. Bxe4 dxe4 13. Qxd8+ Kxd8 14. Be3 a6 15. Nd2 Kc7 16. c5 Be7 17. Nc4 Bc6 18. Rfc1 f5 19. Nb6 Ra7 20. Rc4 Bb5 21. Rxb4 Bxe2 22. Nc4 Bxc4 23. Rxc4 Rb8 24. Rd1 Raa8 25. Rd6 Rxb3 26. Rxe6 Kd7 27. Rb6 Rxb6 28. cxb6 Bd8 29. e6+ Ke8 30. b7 Rb8 31. Rb4 Bc7 32. Ba7 Rd8 33. b8Q Bxb8 34. Bxb8 Ke7 35. Rb6 g5 36. Be5 Rd5 37. Bb2 Rd3 38. Rxa6 f4 39. Ba3+ Kf6 40. e7+ 1-0